| 000 | 00765nam a22002537a 4500 | ||
|---|---|---|---|
| 003 | CHAP | ||
| 005 | 20220329133911.0 | ||
| 008 | 971013s1960 r 00010 eng d | ||
| 010 | _a12453 | ||
| 011 | _a13425 | ||
| 035 | _a17496 | ||
| 040 | _cCHAP | ||
| 090 | _aR-47 | ||
| 100 | 0 | 0 |
_aGillis, William T. _948039 |
| 245 | 1 |
_aBotany _b: taxonomic problems in poison ivy |
|
| 500 | _aSobretiro de : Papers of the Michigan Academy of Science, Arts and Letters. 45:27-34, 1960 | ||
| 590 |
_aBATCH-UPD _b10 _c20130109 _lUCH01 _h2313 |
||
| 590 |
_aBATCH-UPD _b10 _c20130110 _lUCH01 _h2159 |
||
| 590 |
_aCONVERSION _b10 _c20130109 _lUCH01 _h1308 |
||
| 650 | 1 | 4 |
_aRhus toxicodendron. _997166 |
| 901 | _aBK | ||
| 942 | _cREIMP | ||
| 949 |
_aR-47 _bBC _cR _d-41268 _eTS1 _i17496 _si |
||
| 999 |
_c12453 _d12453 |
||